Land for housing the poor
| Other Authors: | , |
|---|---|
| Format: | Book |
| Published: |
Singapore :
Select Books ,
1983
|
| Subjects: |
MARC
| LEADER | 00000cam a2200000 7i4500 | ||
|---|---|---|---|
| 001 | 0000001733 | ||
| 005 | 20050503.0 | ||
| 020 | |a 9971835509 | ||
| 040 | |a INS | ||
| 090 | 0 | 0 | |a HD860.3. |b L36 1983 |
| 245 | 0 | 0 | |a Land for housing the poor |c edited by Shlomo Angel et. al |
| 260 | |a Singapore : |b Select Books , |c 1983 | ||
| 300 | |a ix, 556 p ; |c 22 cm. | ||
| 650 | 0 | 0 | |a Housing surveys |
| 650 | 0 | 0 | |a Land tenure |
| 700 | 1 | |a Angel, Shlomo. | |
| 700 | 1 | |a Archer, Rayman W. | |
| 999 | |a 0000000421 |b BOOK |c Open Shelf |e Default branch | ||